[Event "IV Niterói Chess Open 2024"]
[Site "Rio de Janeiro"]
[Date "2024.08.29"]
[Round "3"]
[Board "11"]
[White "Nascimento, Nicolas Daniel Trindade"]
[Black "Casalaspro, Mathias Andre"]
[Result "1/2-1/2"]
[WhiteElo "1928"]
[BlackElo "2199"]
[Annotator "Chessbase"]
[PlyCount "49"]
[EventDate "2024.08.28"]
[EventRounds "7"]
[EventCountry "BRA"]

1. Nf3 Nf6 2. b3 g6 3. Bb2 Bg7 4. g3 O-O 5. Bg2 d6 6. d4 b5 7. O-O Bb7 8. c4 ({RR} 8. Nbd2 Nbd7 9. c4 bxc4 10. Nxc4 a5 11. Rc1 Nb6 12. Nfd2 Bxg2 13. Kxg2 a4 14. e4 axb3 15. axb3 Nxc4 16. Rxc4 Nxe4 17. Nxe4 d5 18. Rc5 dxe4 19. Qc2 Ra2 20. Rd1 Bxd4 21. Qxe4 Rxb2 22. Rxd4 Qa8 {1-0 Carlsen,M (2835)-Firouzja,A (2777) Bullet Chess Winners 2023 (3.11)}) ({RR} 8. Qd3 a6 9. Nbd2 Nbd7 10. c4 e6 11. Rac1 c5 12. e3 Qb6 13. Qe2 b4 14. e4 cxd4 15. Bxd4 Qc6 16. Ne1 e5 17. Bb2 Ne8 18. Nd3 Qb6 19. c5 dxc5 20. Qe3 Nd6 21. Bh3 f5 22. exf5 Nxf5 {½-½ Sathish,P (2412)-Casalaspro,M (2060) ch-Panamerican U20 2023 (3.7)}) 8... b4 $146 ({RR} 8... a6 9. Nc3 bxc4 10. bxc4 Nbd7 11. Rb1 Rb8 12. Qc2 Re8 13. e4 e5 14. dxe5 Nxe5 15. Nxe5 dxe5 16. Rfd1 Qe7 17. Nd5 Bxd5 18. cxd5 Rb6 19. Rbc1 Reb8 20. Bc3 Ne8 21. Ba5 Rb2 22. Qa4 Bh6 23. Rc2 {0-1 Magalashvili,D (2456)-Secheres,A (2375) Titled Tuesday intern op 14th April blitz 2020 (3)}) ({RR} 8... bxc4 9. bxc4 Nbd7 10. Nbd2 Re8 11. Qc2 e5 12. dxe5 dxe5 13. e3 Qe7 14. a4 e4 15. Nd4 Nc5 16. Ba3 Qe5 17. Rab1 Rab8 18. Bxc5 Qxc5 19. Rb5 Qd6 20. Rfb1 c5 21. Rxb7 Rxb7 22. Rxb7 cxd4 23. c5 {½-½ Al Maamari,W (1925)-Shah Mihir (1801) FIDE World Rapid Team 2024 (9.12)}) ({RR} 8... bxc4 9. bxc4 Nbd7 10. Nbd2 Rb8 11. Qc2 Ne4 12. Rab1 Nxd2 13. Qxd2 Be4 14. Rbc1 c5 15. e3 Qc7 16. Bc3 Nb6 17. Ba5 Qb7 18. Ne1 Bxg2 19. Nxg2 Qa6 20. Bxb6 Rxb6 21. dxc5 dxc5 22. Nf4 e6 23. Nd3 {0-1 Mukhutdinov,T (2286)-Iljiushenok,I (2516) Titled Tuesday intern op 30th June blitz 2020 (7)}) ({RR} 8... bxc4 9. bxc4 Nbd7 10. Nbd2 Ne4 11. Nxe4 Bxe4 12. Qd2 Rb8 13. Ne1 Bxg2 14. Nxg2 c5 15. Rab1 Nb6 16. Ne3 Qc8 17. d5 Qa6 18. Bxg7 Kxg7 19. Rb3 Nd7 20. Rfb1 Rb6 21. h4 Nf6 22. g4 h6 23. Kg2 {½-½ Ternault,M (2308)-Gabrielian,A (2448) Cappelle Online Rapid op 2021 (7)}) 9. a3 a5 10. axb4 axb4 11. Rxa8 Bxa8 12. Nbd2 Nfd7 13. Qc2 Nc6 14. Ne1 e5 15. e3 exd4 16. exd4 Ne7 17. Nd3 Bxg2 18. Kxg2 c5 19. dxc5 Bxb2 20. Qxb2 Qa8+ 21. Kg1 dxc5 22. Ne5 Nf6 23. Nd3 Nd7 24. Ne5 Nf6 25. Nd3 1/2-1/2

[Event "IV Niterói Chess Open 2024"]
[Site "Rio de Janeiro"]
[Date "2024.08.31"]
[Round "5"]
[Board "7"]
[White "Schiavo, Marcelo Da Silva"]
[Black "Filgueiras, Nathan Felipe"]
[Result "0-1"]
[WhiteElo "2059"]
[BlackElo "2316"]
[Annotator "Chessbase"]
[PlyCount "102"]
[EventDate "2024.08.28"]
[EventRounds "7"]
[EventCountry "BRA"]

1. d4 Nf6 2. Nf3 b6 3. g3 Bb7 4. Bg2 g6 5. c4 Bg7 6. Nc3 Ne4 7. Nxe4 Bxe4 8. O-O O-O 9. Be3 d6 10. Qd2 c5 11. Bh6 Nd7 12. Bxg7 ({RR} 12. Rfd1 Nf6 13. Rac1 Qc7 14. b3 cxd4 15. Nxd4 Bxg2 16. Kxg2 Qb7+ 17. f3 Rfc8 18. e4 a6 19. a4 Rc5 20. Bxg7 Kxg7 21. Rc2 Nd7 22. Rdc1 Kg8 23. h4 Rac8 24. b4 Re5 25. Rb1 Qa8 26. b5 Rec5 {½-½ Radjabov,T (2788)-Kramnik,V (2797) Olympiad-40 Istanbul 2012 (7.1)}) 12... Kxg7 13. Rac1 ({RR} 13. Rfd1 Nf6 14. Rac1 cxd4 15. Nxd4 Bxg2 16. Kxg2 Rc8 17. b3 Qd7 18. Qd3 a6 19. a4 Rc5 20. e4 Rfc8 21. f3 Kg8 22. Qe2 Qc7 23. Qe1 Qb7 24. h4 e6 25. Qd2 Qe7 26. Re1 Nh5 27. Rcd1 Qf6 {½-½ Mirzoev,A (2429)-Dardha,D (2608) 22nd Spilimbergo Open 2024 (3.1)}) 13... Rc8 $146 ({RR} 13... Nf6 14. Rfd1 Qc7 15. Nh4 Bxg2 16. Nxg2 Qb7 17. Nf4 cxd4 18. Nd5 Nxd5 19. cxd5 Qxd5 20. Qxd4+ Qxd4 21. Rxd4 Rfc8 22. Rdc4 Rxc4 23. Rxc4 b5 24. Rc7 Kf6 25. Kf1 Ke6 26. e4 b4 27. Ke2 a5 28. Kd3 {0-1 Bellia,F (2444)-Short,N (2688) Abu Dhabi op 24th 2017 (4)}) ({RR} 13... Qc7 14. Rfd1 a6 15. Qe3 Nf6 16. a3 e5 17. dxe5 dxe5 18. Rd2 Rfe8 19. Rcd1 h6 20. Rd6 Bb7 21. h3 Re7 22. Nh4 Bxg2 23. Kxg2 Rae8 24. Nf3 Re6 25. Rxe6 {½-½ Stigar,P (2211)-Gorny,M (2050) Berlin Lichtenrade op 13th 2017 (7)}) ({RR} 13... Nf6 14. Rfd1 Qc7 15. Qc3 Rab8 16. Nd2 Bxg2 17. Kxg2 cxd4 18. Qxd4 Qc6+ 19. f3 Rfd8 20. e4 Qa4 21. b3 Qa3 22. Qa1 Qc5 23. Nb1 Rbc8 24. Nc3 Kg8 25. Qb2 Qe5 26. Qf2 Qc5 27. Qb2 Qe5 28. Qf2 {½-½ Pogan,N (2212)-Lizak,P (2457) Pardubice Czech op-A 31st 2020 (4)}) 14. Rfd1 Nf6 15. Bh3 Rb8 16. Qc3 Bc6 17. b3 Kg8 18. dxc5 bxc5 19. Ne5 Bb7 20. Nd3 Qc7 21. Bg2 Bxg2 22. Kxg2 a5 23. Kg1 Rb7 24. Nf4 Ra8 25. Rb1 Rab8 26. Rbc1 a4 27. Rb1 Rb6 28. Qc2 Qb7 29. Rd3 Rb4 30. h4 Qe4 31. f3 Qb7 32. Rc3 e5 33. Nd3 Rb6 34. Nf2 Nh5 35. Kg2 f5 36. Rd1 Nf6 37. Qd2 Kg7 38. bxa4 e4 39. a5 Rb2 40. Qe3 exf3+ 41. Qxf3 Rxe2 42. Qxb7+ Rxb7 43. Rb3 Ra7 44. Kf3 Rxa2 45. Nh3 Ne4 46. Ke3 R7xa5 47. g4 R5a3 48. Rdd3 Rxb3 49. Rxb3 fxg4 50. Kxe4 gxh3 51. Rxh3 Rd2 0-1

[Event "IV Niterói Chess Open 2024"]
[Site "Rio de Janeiro"]
[Date "2024.08.29"]
[Round "3"]
[Board "27"]
[White "Moreira, Paulo Vinicius Macedo"]
[Black "Ferreira, Marcone Fiuza"]
[Result "1-0"]
[WhiteElo "1797"]
[BlackElo "1969"]
[Annotator "Chessbase"]
[PlyCount "89"]
[EventDate "2024.08.28"]
[EventRounds "7"]
[EventCountry "BRA"]

1. d4 Nf6 2. c4 e6 3. Nf3 b6 4. g3 Bb7 5. Bg2 g6 6. O-O Bg7 7. Nc3 O-O 8. Qc2 d6 ({RR} 8... c5 9. dxc5 bxc5 10. Bf4 d5 11. cxd5 exd5 12. Na4 c4 13. b3 Nbd7 14. bxc4 Rc8 15. Qb3 Ba6 16. cxd5 Bc4 17. Qa3 Nxd5 18. Bg5 Qa5 19. Rad1 N7b6 20. Nxb6 Qxa3 21. Nxc4 Rxc4 22. Rxd5 Qxa2 23. Nd2 {0-1 Svane,R (2616)-Rakhmanov,A (2635) Titled Tue 21st Feb Early 2023 (10)}) ({RR} 8... c5 9. dxc5 bxc5 10. Rd1 Nc6 11. Nb5 Ne8 12. Bg5 Qb6 13. Rxd7 a6 14. Nc3 Nd4 15. Rxb7 Nxc2 16. Rxb6 Nxa1 17. Be7 Nc7 18. Bxf8 Kxf8 19. Rb7 Rc8 20. Na4 Ne8 21. Ng5 Rc7 22. Rb8 Ke7 23. Ne4 {1-0 Mizzi,J (2043)-Krallis,C (2330) Titled Tue 9th Jan Early 2024 (3)}) 9. e4 Nbd7 10. Bg5 h6 11. Bf4 $146 ({RR} 11. Be3 a6 12. h3 c5 13. Rfd1 Qc7 14. b3 Rac8 15. Rac1 Qb8 16. d5 exd5 17. exd5 Rfe8 18. Re1 Ba8 19. g4 b5 20. Bf4 b4 21. Ne2 a5 22. Ng3 Qc7 23. Nd2 Nb6 24. Nde4 Nxe4 25. Nxe4 Be5 {1-0 Salcedo,D (1898)-Matta,P (1855) COL-chT rapid (Women) 2019 (5.2)}) ({RR} 11. Bxf6 Bxf6 12. Rfe1 Bg7 13. Rad1 Qe7 14. e5 Rac8 15. exd6 cxd6 16. Qd3 Rfd8 17. b3 a6 18. a4 Nf6 19. h3 Qc7 20. Nd2 d5 21. Ne2 Qb8 22. Rc1 dxc4 23. Nxc4 Bxg2 24. Kxg2 Nd5 25. Qe4 b5 {0-1 Putri,R (1897)-Nazari,A (2287) Titled Tuesday intern op 22nd Feb Early blitz 2022 (1)}) 11... Nh5 12. Be3 Qe7 13. Rfe1 Rfd8 14. Rad1 a6 15. b3 c5 16. d5 e5 17. Nh4 Bc8 18. Bh3 Nf4 19. Bg4 h5 20. Bf3 Nf8 21. Ne2 Nh7 22. Qd2 Ng5 23. Nxf4 exf4 24. Bxf4 Nh3+ 25. Kh1 Nxf4 26. Qxf4 Bf6 27. Qe3 Bg5 28. Qe2 Bxh4 29. gxh4 Qxh4 30. e5 dxe5 31. Qxe5 Bg4 32. Bxg4 Qxg4 33. Qg3 Qd7 34. Re5 Kh7 35. Rde1 Re8 36. Qg5 Kg7 37. Re7 Rxe7 38. Rxe7 Qh3 39. Kg1 Rf8 40. d6 Qd3 41. Qe5+ Kg8 42. Kg2 Qd2 43. Re8 Qh6 44. d7 f6 45. Rxf8+ 1-0

[Event "IV Niterói Chess Open 2024"]
[Site "Rio de Janeiro"]
[Date "2024.08.28"]
[Round "1"]
[Board "61"]
[White "Dos Santos, Gilvan Nobrega"]
[Black "Neto, Odilon Romano"]
[Result "1-0"]
[WhiteElo "1898"]
[BlackElo "1782"]
[Annotator "Chessbase"]
[PlyCount "55"]
[EventDate "2024.08.28"]
[EventRounds "7"]
[EventCountry "BRA"]

1. c4 e5 2. Nc3 Nf6 3. Nf3 Nc6 4. g3 d6 5. Bg2 Be7 6. O-O O-O 7. d4 h6 8. h3 ({RR} 8. e3 Bf5 9. b3 Re8 10. Bb2 Bf8 11. Nh4 Bh7 12. dxe5 dxe5 13. Nd5 Nxd5 14. Bxd5 Nb4 15. Bxb7 Rb8 16. Bf3 g5 17. Ng2 e4 18. Bh5 Qxd1 19. Rfxd1 Nd3 20. Bc3 Bg7 21. Bxg7 Kxg7 22. Rd2 a5 {1-0 Firouzja,A (2785)-Demchenko,A (2623) Titled Tue 25th Apr Late 2023 (6)}) 8... a6 ({RR} 8... Bf5 9. dxe5 dxe5 10. Be3 Be6 11. b4 Bxb4 12. Qb3 Qc8 13. Nd5 Be7 14. Nxe5 Bxd5 15. Ng6 fxg6 16. cxd5 Na5 17. Qa4 b6 18. d6 Bxd6 19. Bxa8 Qxa8 20. Rac1 Re8 21. Qc2 Kh7 22. Bd4 Qe4 23. Rfd1 {0-1 Aradhya,G (2385)-Demchenko,A (2609) Titled Tue 23rd Apr Early 2024 (9)}) 9. e3 $146 ({RR} 9. e4 Rb8 10. a4 exd4 11. Nxd4 Nxd4 12. Qxd4 Re8 13. Be3 Bd7 14. f4 Bf8 15. Bf2 Bc6 16. Rfe1 g6 17. Re2 Bg7 18. Qd2 a5 19. Rd1 Nd7 20. Nd5 Bxa4 21. Ra1 Bc6 22. Rxa5 b5 23. Ra7 bxc4 {1-0 Kot,J (2068)-Jagodzinski,P (2189) POL-ch Rapid 2017 (8)}) 9... Re8 10. a3 Bf5 11. b4 Qc8 12. g4 exd4 13. Nxd4 Nxd4 14. Qxd4 Be6 15. f4 c5 16. bxc5 dxc5 17. Qd3 Rb8 18. f5 Rd8 19. Qe2 Bd7 20. e4 Bc6 21. Bf4 Ra8 22. e5 Bxg2 23. Qxg2 Nh7 24. Nd5 Qd7 25. Rad1 Kf8 26. f6 gxf6 27. Bxh6+ Ke8 28. Nxf6+ 1-0

[Event "IV Niterói Chess Open 2024"]
[Site "Rio de Janeiro"]
[Date "2024.08.29"]
[Round "2"]
[Board "42"]
[White "Silva, Juliana Figueira Theophilo"]
[Black "Correa, Leonardo D`avila"]
[Result "1/2-1/2"]
[WhiteElo "1859"]
[BlackElo "1677"]
[Annotator "Chessbase"]
[PlyCount "117"]
[EventDate "2024.08.28"]
[EventRounds "7"]
[EventCountry "BRA"]

1. d4 Nf6 2. c4 c5 3. d5 b5 4. cxb5 a6 5. bxa6 Bxa6 6. Nc3 g6 7. Nf3 d6 8. g3 Bg7 9. Bg2 O-O 10. O-O Nbd7 11. h3 Qc7 12. Qc2 Rfb8 13. Rd1 Nb6 14. e4 Nfd7 15. Rb1 ({RR} 15. b3 Qb7 16. Rb1 Rc8 17. Bb2 Ne5 18. Nxe5 Bxe5 19. f4 Bd4+ 20. Kh2 e5 21. fxe5 Bxe5 22. Bf1 Nd7 23. Bxa6 Rxa6 24. Ba1 Qb4 25. a4 Re8 {½-½ Abdulkarimli,E (1838)-Hashimov,A (1489) Guba Open 2023 (7.7)}) 15... Ne5 $146 ({RR} 15... Nc4 16. Bg5 Nde5 17. Ne1 h6 18. Bc1 Qa5 19. a4 Nd7 20. Na2 Ra7 21. Bf1 Nce5 22. Bd2 Qb6 23. Bxa6 Qxa6 24. b3 Qe2 25. Kg2 c4 26. Nc3 cxb3 27. Rxb3 Qc4 28. Rxb8+ Nxb8 29. Rb1 Na6 30. f4 {0-1 Knoll,G-Gallo,J (2245) GER-chT univ 1987 (4)}) 16. Nxe5 Bxe5 17. b3 Nd7 18. Kh1 Bc8 19. a3 Bg7 20. f4 Qa5 21. Ne2 Ba6 22. Bf1 Rb7 23. Ng1 Bxf1 24. Rxf1 Rab8 25. Ne2 Qa6 26. Rf3 c4 27. b4 Nc5 28. Bb2 Bxb2 29. Rxb2 Nd3 30. Rb1 Qxa3 31. Qxc4 Ne5 32. Qc3 Qa2 33. Rff1 Qxe2 34. fxe5 Qxe4+ 35. Qf3 Qxf3+ 36. Rxf3 Rxb4 37. Rbf1 Rf8 38. exd6 exd6 39. Rf6 Rb2 40. Rxd6 Re8 41. Rdf6 Ree2 42. R1f3 Re1+ 43. Rf1 Re3 44. Rxf7 Rxg3 45. Rf8+ Kg7 46. R1f7+ Kh6 47. Rf3 Rxf3 48. Rxf3 Rd2 49. d6 Rxd6 50. Kg2 g5 51. Kg3 Kg6 52. Rb3 h5 53. Ra3 Kf6 54. Rf3+ Ke5 55. Re3+ Kd4 56. Re8 Kd3 57. Re5 Rg6 58. h4 gxh4+ 59. Kxh4 1/2-1/2

[Event "IV Niterói Chess Open 2024"]
[Site "Rio de Janeiro"]
[Date "2024.08.28"]
[Round "1"]
[Board "47"]
[White "Pereira, Arthur Macedo"]
[Black "Jurado, Laura Alves"]
[Result "1-0"]
[WhiteElo "1940"]
[BlackElo "1612"]
[Annotator "Chessbase"]
[PlyCount "43"]
[EventDate "2024.08.28"]
[EventRounds "7"]
[EventCountry "BRA"]

1. Nf3 Nf6 2. d4 c5 3. d5 d6 4. c4 b5 5. cxb5 a6 6. bxa6 Bxa6 7. Nc3 g6 8. g3 Bg7 9. Bg2 Nbd7 10. h3 O-O 11. O-O Qc7 12. Re1 ({RR} 12. a4 Rfb8 13. Rb1 Qa7 14. b3 Ne8 15. Bb2 c4 16. Nb5 Bxb5 17. Bxg7 Nxg7 18. axb5 c3 19. Nd4 Qa2 20. Rc1 Ra3 21. Rxc3 Nc5 22. Rc2 {1-0 Narayanan,S (2559)-Gheorghiu,C (2310) Titled Tuesday intern op 20th Sep Early blitz 2022 (5)}) ({RR} 12. Qc2 Rfb8 13. Rd1 Nb6 14. e4 Nfd7 15. b3 Qb7 16. Rb1 Rc8 17. Bb2 Ne5 18. Nxe5 Bxe5 19. f4 Bd4+ 20. Kh2 e5 21. fxe5 Bxe5 22. Bf1 Nd7 23. Bxa6 Rxa6 24. Ba1 Qb4 25. a4 Re8 {½-½ Abdulkarimli,E (1838)-Hashimov,A (1489) Guba Open 2023 (7.7)}) 12... Rfb8 13. Qc2 c4 14. Be3 $146 ({RR} 14. Rb1 Nc5 15. Be3 Bc8 16. Bxc5 Qxc5 17. e4 Nh5 18. Kh2 Ra7 19. a3 Rb3 20. Nd1 Rab7 21. Nd2 Rxb2 22. Nxb2 Qxf2 23. Nbxc4 Qxg3+ 24. Kg1 Bd4+ 25. Kh1 Qf4 26. Nf1 Rc7 27. Qd2 Qf6 28. Nce3 Bc5 {1-0 Willeke,L (1605)-Zucker,S (1810) Hannover Region-ch 2012 (6)}) 14... Nb6 15. Nd4 Bb7 16. Nc6 Bxc6 17. dxc6 Ra5 18. b4 cxb3 19. axb3 Rxa1 20. Rxa1 Ra8 21. Rxa8+ Nxa8 22. Nb5 1-0

[Event "IV Niterói Chess Open 2024"]
[Site "Rio de Janeiro"]
[Date "2024.08.28"]
[Round "1"]
[Board "7"]
[White "Perdomo, Leandro"]
[Black "Oliveira, Israel Flavio Feliciano"]
[Result "1-0"]
[WhiteElo "2359"]
[BlackElo "1839"]
[Annotator "Chessbase"]
[PlyCount "124"]
[EventDate "2024.08.28"]
[EventRounds "7"]
[EventCountry "BRA"]

1. d4 Nf6 2. c4 e6 3. Nc3 c5 4. d5 exd5 5. cxd5 d6 6. Nf3 g6 7. Bf4 a6 8. a4 Bg7 9. h3 Rg8 $146 ({RR} 9... O-O 10. g4 Re8 11. Nd2 b6 12. Bg2 Ra7 13. Nc4 Bf8 14. Qd3 Rd7 15. Ra3 b5 16. axb5 axb5 17. Nxb5 Ba6 18. Ra5 Rb7 19. Rxa6 Nxa6 20. Nbxd6 Bxd6 21. Nxd6 Qa5+ 22. Qd2 Qxd2+ 23. Bxd2 Rxb2 24. Nxe8 {1-0 Kertesz,A (2246)-Hofstetter,H (2176) GER-ch Army 15th 2004 (4)}) ({RR} 9... Qe7 10. e3 O-O 11. Be2 h6 12. Nd2 Nbd7 13. O-O Rb8 14. Nc4 Ne8 15. a5 g5 16. Bh2 Ne5 17. Nb6 Bf5 18. Re1 Bg6 19. Ra3 Nd7 20. Rb3 Nxb6 21. Rxb6 Rd8 22. Nb1 f5 23. Na3 Rf7 24. Nc4 {1-0 Riazantsev,A (2689)-Lovkov,R (2414) EU-ch rapid Warsaw 2010 (9)}) ({RR} 9... O-O 10. e4 Re8 11. Nd2 Nh5 12. Be3 f5 13. exf5 Rxe3+ 14. fxe3 Qh4+ 15. Ke2 Ng3+ 16. Kd3 Bxf5+ 17. e4 Nxh1 18. Qf3 Nf2+ 19. Ke2 Bxc3 20. bxc3 Nxe4 21. Nxe4 Qxe4+ 22. Qxe4 Bxe4 23. c4 Nd7 24. Ke3 {0-1 Ho,I (1762)-Bambino Filho,A (2169) Titled Tue 2nd Apr Early 2024 (7)}) ({RR} 9... O-O 10. Nd2 Nh5 11. Bh2 f5 12. Nc4 f4 13. Ne4 Nd7 14. Nexd6 Nb6 15. Qd2 Nxc4 16. Nxc4 Bd7 17. a5 Qf6 18. Nb6 Rad8 19. O-O-O c4 20. e4 c3 21. Qxc3 Rc8 22. Bc4 Qxb6 23. axb6 Bxc3 24. bxc3 {0-1 Navarovszky,L-Szabo,L HUN-ch15 Final 1959 (12)}) ({RR} 9... Qe7 10. e3 Bf5 11. Nd2 O-O 12. Nc4 Rd8 13. Be2 Ne4 14. Nxe4 Qxe4 15. O-O Qe7 16. Qb3 Be5 17. Bxe5 dxe5 18. Rfd1 Bc8 19. Nb6 Ra7 20. Rac1 Qd6 21. Nc4 Qf6 22. a5 Nd7 23. Bg4 Qg5 24. e4 {1-0 Rychagov,A (2543)-Tolias,F (1833) Rethymno op 6th 2014 (1)}) 10. Rb1 Rh8 11. Ra1 Rg8 12. Rb1 Rh8 13. Ra1 Rg8 14. Rb1 Rh8 15. Rc1 Rg8 16. Ra1 Rh8 17. Rc1 Rg8 18. Rb1 Rh8 19. Ra1 Rg8 20. Rb1 Rh8 21. Ra1 Rg8 22. Rb1 Rh8 23. Ra1 Rg8 24. Rb1 Rh8 25. Ra1 Rg8 26. Rb1 Rh8 27. Rc1 Rg8 28. Rb1 Rh8 29. Rc1 Rg8 30. Rb1 Rh8 31. Rc1 Rg8 32. Rb1 Rh8 33. Rc1 Rf8 34. Ra1 Ng8 35. e3 Qf6 36. Rb1 Kd8 37. Ra1 Re8 38. Nd2 Nd7 39. Rb1 Nb8 40. Ra1 Nd7 41. Rb1 Rf8 42. Ra1 Re8 43. Rb1 Rf8 44. Ra1 Re8 45. Be2 Rf8 46. Rb1 Re8 47. Ra1 Rf8 48. Rb1 Re8 49. Ra1 Nf8 50. Rb1 Nd7 51. Ra1 Rf8 52. Kf1 Re8 53. Rg1 Qe5 54. Bh2 f5 55. Bg3 Nh6 56. Bh2 Ng8 57. Qc2 Qe7 58. Bg3 Qf8 59. Bh2 Qf7 60. Ke1 Nb6 61. a5 Bxc3 62. bxc3 Nxd5 1-0

[Event "IV Niterói Chess Open 2024"]
[Site "Rio de Janeiro"]
[Date "2024.08.31"]
[Round "6"]
[White "Oliveira, Olavo Tadeu Carvalh"]
[Black "Nascimento, Daniel Rojas"]
[Result "1-0"]
[WhiteElo "1751"]
[BlackElo "1948"]
[Annotator "Chessbase"]
[PlyCount "75"]
[EventDate "2024.08.28"]
[EventRounds "7"]
[EventCountry "BRA"]

1. d4 Nf6 2. c4 c5 3. d5 e6 4. Nc3 exd5 5. cxd5 d6 6. e4 g6 7. Nf3 Bg7 8. h3 O-O 9. Bd3 Re8 10. O-O a6 11. a4 Nbd7 12. Bf4 Qc7 13. Nd2 Nh5 14. Bh2 Ne5 ({RR} 14... Be5 15. f4 Bd4+ 16. Kh1 Rb8 17. e5 dxe5 18. f5 Nf4 19. Nf3 Nf6 20. fxg6 hxg6 21. Ng5 Qd8 22. Bc4 Bxc3 23. d6 Bd4 24. Nxf7 Qb6 25. Nxe5+ Kg7 26. Nf3 Be3 27. Ng5 N6h5 28. d7 Rd8 29. Qf3 {1-0 Drygalov,S (2547)-Nakamura,H (2788) Titled Tue 30th Jan Early 2024 (5)}) 15. Be2 Nf6 16. Re1 $146 ({RR} 16. f4 Ned7 17. Qc2 Rb8 18. Kh1 b6 19. Rae1 Bb7 20. Nc4 Ba8 21. Nd2 Bb7 22. Bc4 Re7 23. Qd3 Ra8 24. e5 Ne8 25. Nde4 f5 26. Nxd6 Nxd6 27. exd6 Qxd6 28. Rxe7 Qxe7 29. d6+ {1-0 Labra Carreno,M (1968)-Vergara Castillo,B (1976) Santiago Endesa Interempresas tt-B 2009 (11)}) ({RR} 16. f4 Ned7 17. Bf3 Rb8 18. a5 b5 19. axb6 Rxb6 20. Nc4 Rb4 21. Qd3 Nb6 22. Na5 Rd4 23. Qc2 Nc4 24. Nxc4 Rxc4 25. e5 Nd7 26. e6 Bd4+ 27. Kh1 Nf6 28. f5 Bb7 29. Qe2 Rb4 30. fxg6 fxg6 {1-0 Denishev,M (2255)-Haack,K (2303) Titled Tue 16th May Late 2023 (6)}) ({RR} 16. f4 Ned7 17. Qc2 Kh8 18. Nc4 Ng8 19. Kh1 Nb6 20. Nd2 Ne7 21. a5 Nd7 22. Bd3 b5 23. axb6 Nxb6 24. Nc4 Nxc4 25. Bxc4 f5 26. e5 dxe5 27. Rad1 Rd8 28. fxe5 Qb6 29. Rfe1 Bb7 30. e6 Qb4 {1-0 Kalaiyalahan,A (1989)-Antova,G (1712) EU-ch U12 Girls 23rd 2013 (7)}) 16... Rb8 17. f4 Ned7 18. e5 dxe5 19. fxe5 Nxe5 20. Nc4 Nfd7 21. Bg4 f5 22. Bf3 Qd8 23. Kh1 b5 24. axb5 axb5 25. Nd6 Re7 26. Ndxb5 Rb6 27. d6 Re8 28. Nc7 Rf8 29. Ne6 Qf6 30. Nxf8 Qxf8 31. Qd5+ Kh8 32. Bxe5 Bxe5 33. Rad1 Bb7 34. Qe6 Bxf3 35. gxf3 Rxd6 36. Rxd6 Qxd6 37. Qxd6 Bxd6 38. Rd1 1-0

[Event "IV Niterói Chess Open 2024"]
[Site "Rio de Janeiro"]
[Date "2024.08.29"]
[Round "3"]
[Board "22"]
[White "Pimenta, Jeronimo Marques"]
[Black "Oliveira, Israel Flavio Feliciano"]
[Result "1/2-1/2"]
[WhiteElo "2047"]
[BlackElo "1839"]
[Annotator "Chessbase"]
[PlyCount "53"]
[EventDate "2024.08.28"]
[EventRounds "7"]
[EventCountry "BRA"]

1. d4 Nf6 2. c4 c5 3. d5 e6 4. Nc3 exd5 5. cxd5 d6 6. e4 g6 7. Nf3 a6 8. a4 Bg7 9. Be2 O-O 10. O-O Re8 11. Nd2 Nbd7 12. h3 Rb8 13. a5 Ne5 $146 ({RR} 13... b5 14. axb6 Nxb6 15. Qc2 Qc7 16. Nb3 c4 17. Na5 Bd7 18. Be3 Bb5 19. Ra2 Nfd7 20. Nxb5 axb5 21. Nc6 Rb7 22. b3 cxb3 23. Qxb3 Na4 24. f3 Nc3 25. Rc2 Nxe2+ 26. Rxe2 Ne5 27. Rc2 Nc4 28. Bf2 {0-1 Alatortsev,V-Soos,B Tbilisi 1965}) ({RR} 13... b5 14. axb6 Nxb6 15. Bd3 g5 16. f4 gxf4 17. Rxf4 Nbd7 18. Nc4 Ne5 19. Nxe5 Rxe5 20. Rf3 Nd7 21. Rg3 Nf8 22. Bxa6 Ng6 23. Bxc8 Qxc8 24. Ra7 Rb7 25. Rxb7 Qxb7 26. Rf3 Re8 27. Rf1 Ne5 28. Qh5 {1-0 Hammer,J (2701)-Hou,Y (2667) Norway Chess Qualifier 2016 (3)}) ({RR} 13... Qc7 14. Ra3 Bf8 15. Qc2 b5 16. axb6 Rxb6 17. Nc4 Rb4 18. Bf4 Nb6 19. b3 Nxc4 20. Bxc4 Rb6 21. Bh2 Qe7 22. Re1 Nd7 23. f4 Bg7 24. Ra2 Bd4+ 25. Kh1 Kh8 26. Qd3 Bb7 27. Rae2 f6 28. Bg1 {1-0 Brunello,S (2515)-Constantin,E (1731) Grand Prix Bucharest 2024 (1.9)}) ({RR} 13... Qc7 14. Kh1 b5 15. axb6 Rxb6 16. Nc4 Rb4 17. Bd3 Nb6 18. Na5 Bd7 19. Re1 Nh5 20. Ra2 Bd4 21. Kg1 Qd8 22. Nc6 Bxc6 23. dxc6 Qf6 24. Qf3 Qxf3 25. gxf3 Rc8 26. Nd5 Nxd5 27. exd5 Nf6 28. Bxa6 {1-0 Hammer,J (2630)-Pantsulaia,L (2589) PRO League KO Stage rapid 2017 (4.5)}) ({RR} 13... Qc7 14. Re1 b5 15. axb6 Nxb6 16. Qc2 Ra8 17. Nc4 Bd7 18. Bf4 Nxc4 19. Bxc4 Qb6 20. Ra2 Bb5 21. Qb3 Rab8 22. f3 Nd7 23. Rea1 Ne5 24. Bxe5 Bxe5 25. Kh1 Qd8 26. Bxb5 axb5 27. Ne2 Qh4 28. Qe3 {0-1 Blijlevens,P (1951)-Cebula,J (1994) Helmond De Legibus op rapid 2014 (7)}) 14. f4 Ned7 15. Ra3 b5 16. axb6 Nxb6 17. Bxa6 Bxa6 18. Rxa6 Nh5 19. Qf3 Qh4 20. Nb3 Nc4 21. Ne2 f5 22. exf5 Rxb3 23. Qxb3 Rxe2 24. Ra8+ Kf7 25. Ra7+ Kg8 26. Ra8+ Kf7 27. Ra7+ 1/2-1/2

[Event "IV Niterói Chess Open 2024"]
[Site "Rio de Janeiro"]
[Date "2024.08.28"]
[Round "1"]
[Board "5"]
[White "Do Valle Cardoso, Lucas"]
[Black "Hubner, Jessica Trindade"]
[Result "1-0"]
[WhiteElo "2365"]
[BlackElo "1845"]
[Annotator "Chessbase"]
[PlyCount "61"]
[EventDate "2024.08.28"]
[EventRounds "7"]
[EventCountry "BRA"]

1. c4 f5 2. d4 Nf6 3. Nc3 d6 4. Nf3 e6 5. d5 $146 ({RR} 5. e3 Be7 6. Bd3 O-O 7. O-O c6 8. Bc2 d5 9. cxd5 cxd5 10. Bd2 Nc6 11. Qe2 a6 12. a3 Bd6 13. b4 Ne4 14. b5 Nxc3 15. Bxc3 axb5 16. Qxb5 Rxa3 17. Rxa3 Bxa3 18. Ra1 Bd6 19. Bd3 Qc7 {0-1 Walker,G-De Saint Amant,P Match Saint Amant -Walker +5-1=0 1836}) ({RR} 5. h3 Be7 6. Bf4 Ne4 7. Nxe4 fxe4 8. Nd2 O-O 9. e3 d5 10. Rc1 Nc6 11. cxd5 exd5 12. Bb5 Rxf4 13. exf4 Nxd4 14. Be2 Qd6 15. Bg4 Qxf4 16. Bxc8 Rxc8 17. Qg4 Qxg4 18. hxg4 c5 19. Nf1 Ne6 {0-1 Georgiev,V (2532)-Sikula,V (2515) FRA-chT1B 0607 2006 (4.1)}) ({RR} 5. e3 Be7 6. Bd3 O-O 7. Qc2 Na6 8. a3 c6 9. O-O Qe8 10. e4 Qh5 11. e5 dxe5 12. dxe5 Ne8 13. Be2 Qg6 14. Rd1 Nec7 15. b4 b6 16. Ne1 Qe8 17. Bf3 Bb7 18. Qe2 Rd8 19. Ra2 Rxd1 {½-½ Prielozny,E (1958)-Galbavy,D (1915) SVK-chT2C 0809 2008 (8.6)}) ({RR} 5. e3 Be7 6. Bd3 d5 7. O-O O-O 8. Ne2 c6 9. Ne5 Bd6 10. b3 Nbd7 11. f4 Ne4 12. Qe1 Ndf6 13. Ng3 Bd7 14. Nxe4 Nxe4 15. Bxe4 fxe4 16. Bd2 Qe7 17. Nxd7 Qxd7 18. Bb4 Rf6 19. Bxd6 Qxd6 {½-½ Prucha,K-Novotny,O Prague International 1943 (11)}) ({RR} 5. e3 Be7 6. Bd3 O-O 7. O-O Qe8 8. e4 fxe4 9. Nxe4 Nxe4 10. Bxe4 Qh5 11. Be3 h6 12. Bd3 Nd7 13. Qc2 e5 14. Bg6 Qg4 15. h3 Qe6 16. d5 Qf6 17. Rae1 Nb6 18. Bh7+ Kh8 19. Be4 Bf5 {0-1 Sarosy,Z-Dobrich,W Toronto 1967 (3)}) 5... e5 6. e4 Be7 7. Bd3 f4 8. g3 fxg3 9. hxg3 Bg4 10. Be2 Nbd7 11. Ng5 Bxe2 12. Qxe2 Nf8 13. Be3 Qd7 14. O-O-O a6 15. f4 Ng4 16. f5 Nxe3 17. Qxe3 Qd8 18. Nf3 Qd7 19. Kb1 b6 20. g4 O-O-O 21. c5 bxc5 22. Nd2 Kb7 23. Nc4 Rb8 24. Na5+ Kc8 25. Nc6 Rb6 26. Na4 Rb5 27. Qa3 Kb7 28. Rd3 Bg5 29. Rb3 Rb6 30. Nxb6 cxb6 31. Rxb6+ 1-0